000 00648nam a2200253Ia 4500
003 OSt
005 20221006143754.0
006 a|||||r|||| 00| 0
007 ta
008 221006b |||||||| |||| 00| 0 eng d
020 _cSh.10.6
024 _a9,925
037 _cTextual
040 _aEASL
_cEASL
_beng
041 _2eng
_aeng
082 _aXN.41.N59, K0
100 _aHUGHES Richard
_923627
245 0 _aChinese communes
_b A background book
260 _aLondon
_bBodley Head
_c1960
300 _a90p.
_ccm.
490 _v CEL
942 _hXN.41.N59, K0
_cTEXL
_2CC
999 _c1078011
_d1078011